| 000 | 00464pab a2200157 454500 | ||
|---|---|---|---|
| 008 | 180718b2014 xxu||||| |||| 00| 0 eng d | ||
| 100 | _aSaran, Shyam | ||
| 245 | _aRevamping India's national security architecture for optimum synergy in the use of its instruments of national power | ||
| 260 | _c2014 | ||
| 300 | _ap.534-540. | ||
| 362 | _aOct-Dec | ||
| 650 | _aState security - India | ||
| 650 | _aState security | ||
| 773 | _aUSI Journal | ||
| 909 | _a107278 | ||
| 999 |
_c107273 _d107273 |
||